Luruh / (Record no. 202943)

MARC details
000 -LEADER
fixed length control field 00833nam a2200253 i 4500
003 - CONTROL NUMBER IDENTIFIER
control field OSt
005 - DATE AND TIME OF LATEST TRANSACTION
control field 20260204100723.0
008 - FIXED-LENGTH DATA ELEMENTS--GENERAL INFORMATION
fixed length control field 260204s2025 my er 000 f may d
020 ## - INTERNATIONAL STANDARD BOOK NUMBER
International Standard Book Number 9789674692315
Terms of availability RM 33.00
Qualifying information paperback
040 ## - CATALOGING SOURCE
Original cataloging agency PPAK
Language of cataloging eng
Transcribing agency PPAK
Description conventions rda
082 04 - DEWEY DECIMAL CLASSIFICATION NUMBER
Edition number 23
Classification number 899.2333
090 00 - LOCALLY ASSIGNED LC-TYPE CALL NUMBER (OCLC); LOCAL CALL NUMBER (RLIN)
Classification number (OCLC) (R) ; Classification number, CALL (RLIN) (NR) 899.2333
Feature heading REH
Feature heading G
100 0# - MAIN ENTRY--PERSONAL NAME
Personal name Rehan Makhtar,
Dates associated with a name 1985-
Relator term author.
245 10 - TITLE STATEMENT
Title Luruh /
Statement of responsibility, etc. Rehan Makhtar ; Editor : Jabatan Editorial Karyaseni
264 #1 - PRODUCTION, PUBLICATION, DISTRIBUTION, MANUFACTURE, AND COPYRIGHT NOTICE
Place of production, publication, distribution, manufacture Cheras, Selangor :
Name of producer, publisher, distributor, manufacturer PENERBITAN KARYASENI SDN. BHD.,
Date of production, publication, distribution, manufacture, or copyright notice 2025
300 ## - PHYSICAL DESCRIPTION
Extent iii, 717 pages ;
Dimensions 18 cm
336 ## - CONTENT TYPE
Content type term text
Source rdacontent
337 ## - MEDIA TYPE
Media type term unmediated
Source rdamedia
338 ## - CARRIER TYPE
Carrier type term volume
Source rdacarrier
650 10 - SUBJECT ADDED ENTRY--TOPICAL TERM
Topical term or geographic name entry element Malay fiction
Topical term or geographic name entry element Malaysian fiction (Malay)
710 2# - ADDED ENTRY--CORPORATE NAME
Corporate name or jurisdiction name as entry element Jabatan Editorial Karyaseni,
Relator term editor.
942 ## - ADDED ENTRY ELEMENTS (KOHA)
Source of classification or shelving scheme Dewey Decimal Classification
Koha item type Book
Holdings
Withdrawn Not for loan Current library Shelving location Date acquired Total Checkouts Full call number Barcode Checked out Date last seen Date last checked out Koha item type Total Renewals
    Perpustakaan Alor Setar Pinjaman Dewasa 04/02/2026 3 899.2333 REH A01901428 04/07/2026 13/06/2026 13/06/2026 Book  
    Perpustakaan Awam Sungai Petani Pinjaman Dewasa 04/02/2026 2 899.2333 REH A01901429   20/06/2026 10/06/2026 Book  
    Perpustakaan Jitra Pinjaman Dewasa 04/02/2026 1 899.2333 REH A01901430 02/06/2026 10/05/2026 10/05/2026 Book  
    Perpustakaan Kuala Nerang Pinjaman Dewasa 04/02/2026 2 899.2333 REH A01901438 19/07/2026 28/06/2026 28/06/2026 Book 1
    Perpustakaan Kulim Pinjaman Dewasa 04/02/2026   899.2333 REH A01901432   04/02/2026   Book  
    Perpustakaan Merbok Pinjaman Dewasa 04/02/2026 1 899.2333 REH A01901435   13/05/2026 22/04/2026 Book  
    Perpustakaan Pendang Pinjaman Dewasa 04/02/2026   899.2333 REH A01901439   04/02/2026   Book  
    Perpustakaan Yan Pinjaman Dewasa 04/02/2026 2 899.2333 REH A01901436 04/06/2026 14/05/2026 14/05/2026 Book